LIBRARY & INFORMATION CENTRE, KCAET, TAVANUR

ONLINE PUBLIC ACCESS CATALOGUE (OPAC)

Electronic principles / (Record no. 1481)

MARC details
000 -LEADER
fixed length control field 00389cam a2200157ua 4500
003 - CONTROL NUMBER IDENTIFIER
control field OSt
008 - FIXED-LENGTH DATA ELEMENTS--GENERAL INFORMATION
fixed length control field 241231b |||||||| |||| 00| 0 eng d
041 ## - LANGUAGE CODE
Language code of text/sound track or separate title eng
082 ## - DEWEY DECIMAL CLASSIFICATION NUMBER
Classification number 621.381
Item number MAL/EL
100 ## - MAIN ENTRY--AUTHOR NAME
Personal name Malvino, Albert Paul .
245 ## - TITLE STATEMENT
Title Electronic principles /
250 ## - EDITION STATEMENT
Edition statement 4 /
260 ## - PUBLICATION, DISTRIBUTION, ETC. (IMPRINT)
Place of publication New York :
Name of publisher Mc Graw Hill Book Company ,
Year of publication 1973.
300 ## - PHYSICAL DESCRIPTION
Number of Pages 975 ; .
942 ## - ADDED ENTRY ELEMENTS (KOHA)
Koha item type Books
Holdings
Withdrawn status Lost status Damaged status Home library Current library Date acquired Full call number Accession Number Koha item type
      KAUAET KAUAET 07/04/2012 621.381 MAL/EL 18416 Books
      KAUAET KAUAET 07/04/2012 621.381 MAL/EL 18377 Books
free website counter